I Concurso de Narración del Migrante Peruano en España : (Record no. 181470)

MARC details
000 -LEADER
campo de control de longitud fija 01104nam a2200289 i 4500
001 - NÚMERO DE CONTROL
campo de control 181470
003 - IDENTIFICADOR DE NÚMERO DE CONTROL
campo de control ES-MaACL
005 - FECHA Y HORA DE LA ÚLTIMA TRANSACCIÓN
campo de control 20231017160838.0
008 - DATOS DE LONGITUD FIJA--INFORMACIÓN GENERAL
campo de control de longitud fija 130117s2010 sp | |||||||| | spa d
020 ## - NÚMERO INTERNACIONAL ESTÁNDAR DEL LIBRO
Número Internacional Estándar del Libro 978-84-362-6101-1
080 ## - NÚMERO DE LA CLASIFICACIÓN DECIMAL UNIVERSAL
Número de la Clasificación Decimal Universal 314.7(0:82)
080 ## - NÚMERO DE LA CLASIFICACIÓN DECIMAL UNIVERSAL
Número de la Clasificación Decimal Universal 821.134.2(85)-32"19/20"(082.2)
245 00 - MENCIÓN DEL TÍTULO
Título I Concurso de Narración del Migrante Peruano en España :
Resto del título cuentos ganadores-- --y finalistas /
Mención de responsabilidad, etc. [autores], Sergio Galarza Puente, Herbert Félix Bazán Aguirre, Doménico Chiappe Silva-Santisteban ... [et al.].
250 ## - MENCION DE EDICION
Mención de edición 1ª ed.
260 ## - PUBLICACIÓN, DISTRIBUCIÓN, ETC.
Lugar de publicación, distribución, etc. Madrid :
Nombre del editor, distribuidor, etc. Universidad Nacional de Educación a Distancia,
Fecha de publicación, distribución, etc. 2010.
300 ## - DESCRIPCIÓN FÍSICA
Extensión 220 p. ;
Dimensiones 24 cm.
490 1# - MENCIÓN DE SERIE
Mención de serie Varia / UNED
500 ## - NOTA GENERAL
Nota general En el lomo: 363.
650 #4 - PUNTO DE ACCESO ADICIONAL DE MATERIA--TÉRMINO DE MATERIA
Término de materia o nombre geográfico como elemento de entrada Emigración e inmigración-
Subdivisión general Cuentos.
9 (RLIN) 152097
650 #4 - PUNTO DE ACCESO ADICIONAL DE MATERIA--TÉRMINO DE MATERIA
Término de materia o nombre geográfico como elemento de entrada Cuentos peruanos-
Subdivisión cronológica s.XX.
9 (RLIN) 152098
650 #4 - PUNTO DE ACCESO ADICIONAL DE MATERIA--TÉRMINO DE MATERIA
Término de materia o nombre geográfico como elemento de entrada Cuentos peruanos-
Subdivisión cronológica S.XXI.
9 (RLIN) 152099
700 1# - ENTRADA AGREGADA--NOMBRE PERSONAL
Nombre de persona Galarza, Sergio,
Fechas asociadas al nombre 1976-
9 (RLIN) 152101
830 0# - PUNTO DE ACCESO ADICIONAL DE SERIE-TÍTULO UNIFORME
Título uniforme Varia / UNED
9 (RLIN) 224730
852 ## - LOCALIZACIÓN
Ubicación ES-MaACL
Número de control de estantería A-12547
itemnumber 188371
Sublocalización o colección R.148723
Ubicación en estantería Depósito 1
Signatura antigua Olim: N-5550
942 ## - ELEMENTOS DE ENTRADA SECUNDARIOS (KOHA)
Fuente del sistema de clasificación o colocación Clasificación decimal universal
Tipo de ítem Koha Libro impreso
Holdings
Estatus retirado Estado de pérdida Fuente del sistema de clasificación o colocación Estado de daño No para préstamo Biblioteca de origen Biblioteca actual Ubicación en estantería Fecha de adquisición Fuente de adquisición Total de préstamos Signatura topográfica completa Código de barras Visto por última vez Precio de reemplazo Tipo de ítem Koha
    Clasificación decimal universal     Biblioteca del Ateneo de Madrid Biblioteca del Ateneo de Madrid Depósito 1 17/01/2013 Donación   A-12547 1190711 23/02/2023 23/02/2023 Libro impreso